00424nam a2200145 i 450000100060000000300090000600500170001500700030003200800410003510000280007624500830010426000400018730000290022785200220025652880ES-MaACL20230906162649.0t|030905s1914 fr ||||1| fre d1 aDejerine, Joseph Jules.10aSémiologie des afections du systéme nerveux / cpar Joseph Jules Dejerine. aparis : b[s.n.], c1914 (fLahure) aXXVI, 1212 p. ; c26 cm. aES-MaACLjC-11713